[Event "ICS rated blitz match"]
[Site "207.99.83.227"]
[Date "1999.04.05"]
[Round "?"]
[White "funnyfarm"]
[Black "Hossa"]
[Result "0-1"]
[WhiteElo "2071"]
[BlackElo "2425"]
[Annotator "Fritz 5.32 (15s)"]
[PlyCount "62"]

1. e4 e5 2. Nf3 Nc6 3. Bb5 a6 4. Ba4 Nf6 5. O-O Be7 6. Re1 b5 7. Bb3 d6 8. h3
O-O 9. c3 a5 10. d3 Bd7 (10... a4 11. Bc2 d5 12. exd5 Qxd5 13. c4 bxc4 14. Nc3
Qd6 15. dxc4 a3 16. bxa3 Be6 17. Bb3 Qxd1 18. Rxd1 Rfc8 19. a4 Nd7 20. Nd5 Bd6
21. Be3 Nc5 22. Nb6 cxb6 23. Rxd6 Nxa4 24. Ng5 Nd4 25. Bxd4 exd4 26. Nxe6 {
- Paavilainen,J-Lehtivaara,P/JSM 94/95, TuTS-MatS 1995 (26)}) 11. Nbd2 $146 (
11. a4 b4 12. Nbd2 Rb8 13. Nc4 h6 14. cxb4 axb4 15. Be3 Ra8 16. Qc2 Na5 17.
Nxa5 Rxa5 18. Nd2 c5 19. f4 exf4 20. Bxf4 Nh5 21. Bh2 Bh4 22. Rf1 Bg3 23. Nc4
Ra6 24. Bxg3 Nxg3 25. Rf3 25... Nh5 {
(LAT),L-Kozlov,V/Moscow (Russia) 1989/1-0 (41)}) 11... Rc8 12. Nf1 Qe8 13. Bc2
Be6 14. Ne3 Qd7 15. Nh2 $11 (15. d4 exd4 16. cxd4 d5 17. exd5 17... Nxd5 $16)
15... h6 $16 (15... Rcd8 $5 $11) 16. d4 exd4 17. cxd4 Nb4 (17... d5 $5 18. e5
18... Nh7 $16) 18. Bb1 $14 (18. d5 $5 $142 18... Bxh3 19. gxh3 Nxc2 20. Nxc2
Qxh3 21. Nd4 $18) 18... Rce8 $2 $18 (18... d5 $142 {sieht noch spielbar aus}
19. a3 19... Na6 $14) 19. d5 Bxh3 20. gxh3 Qxh3 21. Qf3 (21. Nf5 $5 {
und Weiss haette es noch leichter} 21... Kh8 $18) 21... Qh5 (21... Qd7 22. Nf5
Kh8 23. Bd2 $18) 22. Qxh5 Nxh5 23. Ng2 $16 (23. a3 $5 23... Na6 $18) 23... f5
$18 (23... c5 24. a3 Na6 25. a4 bxa4 26. Ne3 $16) 24. a3 24... Na6 {
Schwarz zwingt den Gegner mit starken Drohungen nieder} 25. Bd3 Nc5 26. Bxb5
Rb8 27. Bc6 $14 (27. Be2 $5 $142 27... Nb3 28. Rb1 (28. Bxh5 $6 28... Nxa1 29.
exf5 29... Rxf5 $16) 28... Nxc1 29. Rbxc1 $18) 27... Nd3 $16 (27... fxe4 28.
Rb1 $14) 28. Rd1 $11 (28. Re2 $5 $142 28... fxe4 29. Bd7 $16 (29. Rxe4 $6 29...
Nxf2 30. Re3 30... Bf6 $11)) 28... fxe4 29. Rb1 $4 $19 {wirft den Vorteil weg}
(29. Ng4 $11 $142 {und Weiss spielt mit}) 29... Nxf2 {Mit der Mattdrohung Nh3.}
(29... Rxf2 30. Rxd3 Rxg2+ 31. Kxg2 exd3 32. Nf3 $16) 30. Re1 $4 {
ein Versehen in unangenehmer Stellung} (30. Ne3 Nxd1 31. Nxd1 $19) 30... Nh3+
31. Kh1 Ng3# 0-1

[Event "ICS rated blitz match"]
[Site "207.99.83.227"]
[Date "1999.04.05"]
[Round "?"]
[White "Hossa"]
[Black "funnyfarm"]
[Result "1-0"]
[WhiteElo "2429"]
[BlackElo "2067"]
[Annotator "Fritz 5.32 (15s)"]
[PlyCount "96"]

1. e4 e6 2. Nf3 d5 3. exd5 exd5 4. Bb5+ (4. Be2 Nc6 5. O-O Bd6 6. Re1 Nge7 7.
d4 O-O 8. h3 Bf5 9. c3 Re8 10. Bd3 Rb8 11. Bxf5 Nxf5 12. Bg5 Rxe1+ 13. Qxe1 Qe8
14. Nbd2 f6 15. Qxe8+ Rxe8 16. Bh4 g5 17. Bg3 Nxg3 18. fxg3 18... Bxg3 {
Bench-GriffySr/ICS u 1995/0-1 (47)}) (4. Nc3 Nf6 5. d4 Bg4 6. Be2 Bb4 7. O-O
O-O 8. Bg5 Bxc3 9. bxc3 Nbd7 10. Re1 c6 11. Ne5 Bxe2 12. Rxe2 Qc7 13. f3 Nxe5
14. dxe5 Nd7 15. Qd4 Rfe8 16. Rae1 Nb6 17. Qc5 17... Nc4 {
0-1 Virkamaeki,L-Rozhic,I/EuYouth U12 Boys, Tallinn EST 1997 (17)}) 4... Bd7
$146 (4... c6 5. Qe2+ Qe7 6. Qxe7+ Bxe7 7. Be2 Nf6 8. O-O Bg4 9. Re1 Nbd7 10.
Bd3 Bxf3 11. gxf3 Nc5 12. b3 Nxd3 13. cxd3 Kd7 14. Ba3 Rae8 15. Bxe7 Rxe7 16.
Rxe7+ Kxe7 17. Nc3 Re8 18. Re1+ Kd7 19. Rxe8 {
Muench,S-Prause,R/1, DEM U13 Lingen 1995/0-1 (53)}) 5. Be2 Bd6 6. O-O Nc6 7.
Nc3 Nge7 8. d3 Bg4 9. Bg5 f6 10. Be3 Bxf3 11. Bxf3 d4 12. Bxc6+ Nxc6 13. Qh5+
g6 14. Qb5 dxc3 15. bxc3 O-O 16. Qxb7 Ne5 17. Bxa7 c5 18. Bb6 Qe8 19. Bxc5 Bxc5
20. Qd5+ 20... Rf7 $14 (20... Nf7 21. Qxc5 $11) 21. Qxc5 Rc8 22. Qa5 Qc6 23. c4
Ra8 24. Qd2 Rfa7 25. f4 Ng4 26. h3 Nh6 27. c3 27... Nf5 $14 (27... Rd8 28. Rfd1
$11) 28. Qf2 Rb7 (28... Ra3 29. g4 Ng7 30. Qd2 $11) 29. g4 Nh6 30. Rae1 $14 (
30. Rfe1 30... Ra3 $16) 30... Nf7 $16 (30... Ra3 31. Qd2 $14) 31. Re2 Rbb8 (
31... Ra3 32. Rfe1 $16) 32. f5 g5 33. Re6 Qa4 34. Rxf6 Qxa2 35. Qe3 $14 (35.
Re6 35... Qb3 $16) 35... Rb2 (35... Rb1 36. Re6 Rxf1+ 37. Kxf1 Qb1+ 38. Kg2
Ra2+ 39. Kg3 $11) 36. Rd1 $4 $19 {wirft den sicheren Gewinn weg} (36. Qg3 $14
$142 {haette die Niederlage vermieden}) 36... Rg2+ 37. Kf1 37... Rh2 {
Es droht Matt} 38. Qf3 38... Re8 $16 (38... Ne5 39. Qd5+ Kg7 40. Rf7+ Nxf7 41.
Qf3 Ne5 42. Qg3 Rh1+ 43. Qg1 Qc2 44. f6+ Kxf6 45. Qxh1 Qxd1+ 46. Kg2 Ra2+ 47.
Kg3 Qxd3+ 48. Qf3+ Qxf3#) 39. Re6 39... Rxe6 $4 $18 {
verschlechtert die Stellung weiter} (39... Rf8 $16 $142) 40. fxe6 {Droht Matt}
40... Ne5 41. e7 Nxf3 42. e8=Q+ Kg7 43. Qd7+ Kg8 44. Qd5+ Kg7 45. Qxf3 (45.
Qb7+ {laesst dem Gegner kaum Chancen} 45... Kg8 46. Qxf3 46... Qa7 $18) 45...
Qc2 (45... Qa6 $18 {ist der letzte Rettungsanker}) 46. Re1 $1 {
das war die Absicht. Droht Matt: Re7} 46... Rh1+ $5 47. Qxh1 Qxd3+ 48. Kf2 Qxc3
(48... Qxc4 49. Qb7+ Qf7+ 50. Qxf7+ 50... Kxf7 $18) 1-0

[Event "ICS rated blitz match"]
[Site "207.99.83.227"]
[Date "1999.04.05"]
[Round "?"]
[White "funnyfarm"]
[Black "Hossa"]
[Result "0-1"]
[WhiteElo "2063"]
[BlackElo "2433"]
[Annotator "Fritz 5.32 (15s)"]
[PlyCount "64"]

1. e4 d6 2. d4 Nf6 3. Nc3 g6 4. Be3 Bg7 5. f3 Nc6 6. Bc4 (6. Qd2 Bd7 (6... O-O
7. O-O-O Re8 8. Nd5 Nxd5 9. exd5 Nb8 10. h4 c6 11. h5 cxd5 12. hxg6 fxg6 13. g4
Nc6 14. Qh2 h6 15. Bxh6 Bxd4 16. Rxd4 Nxd4 17. Be3 Kf7 18. Bxd4 Qa5 19. Bc3 Qc5
20. Ne2 e5 21. Qh7+ {1-0 Smerdon,D-Lip,M/Suncoast AUS 1999 (21)}) 7. d5 Nb8 8.
Nge2 c6 9. g4 cxd5 10. exd5 h6 11. Ng3 Qa5 12. Rd1 Na6 13. Bxa6 Qxa6 14. h4 Rc8
15. Qd3 Qa5 16. O-O O-O 17. Rfe1 Rfe8 18. Qd2 Kh7 19. Kg2 Qb4 20. Rb1 Ng8 21.
Bf2 b6 22. Nge2 f5 23. g5 h5 24. a3 Qc4 25. Bd4 e5 26. dxe6 Bxe6 27. Rbd1 Rcd8
28. Bxg7 Kxg7 29. Qd4+ Qxd4 30. Rxd4 Bc8 31. Kf2 Ba6 32. Red1 d5 33. Rxd5 Rxd5
34. Rxd5 Re7 35. Nf4 Bc4 36. Rd6 Bf7 37. Nb5 {
1-0 Langheinrich,F-Bomert,E/Bad Zwesten GER 1999 (37)}) 6... Na5 $146 (6... O-O
7. Nge2 e5 8. dxe5 Nxe5 9. Bb3 Be6 10. Qd2 Nc4 11. Bxc4 Bxc4 12. Rd1 h6 13. b3
Be6 14. O-O Kh7 15. Nf4 Ne8 16. Nce2 c6 17. c4 Qe7 18. Bd4 a6 19. Bxg7 Kxg7 20.
Rfe1 Rd8 21. Ng3 {Henzner,R-Kettler,B/Hessenliga 9394 1994/1-0 (53)}) 7. Bb3 (
7. Bd3 7... Nd7 $14) 7... Nxb3 8. axb3 O-O 9. Qd2 9... a6 {Deckt b5} 10. Nge2
e5 11. O-O 11... Be6 $14 (11... exd4 12. Nxd4 Re8 13. Bh6 $11) 12. b4 $11 (12.
d5 12... Bd7 $14) 12... Bc4 $14 (12... exd4 13. Nxd4 d5 14. b5 $11) 13. Rfd1
Bxe2 (13... Nd7 14. Ng3 $11) 14. Nxe2 Re8 15. Qc3 $11 (15. d5 $5 $14) 15... Rc8
$14 (15... exd4 16. Bxd4 (16. Qxd4 $143 16... Nxe4 17. Qd3 17... Nf6 $17) (16.
Rxd4 $143 16... Nd7 $17) 16... d5 17. Ng3 $11) 16. b5 $11 (16. d5 16... Qd7 $14
) 16... exd4 17. Bxd4 axb5 18. Ra7 (18. Qd3 18... c6 $11) 18... Qe7 (18... d5
19. Bxf6 Bxf6 20. Qc5 $15) 19. Rxb7 {
Schwarz erhaelt starke Drohungen in der geoeffneten e-Linie} 19... Nxe4 $14 (
19... d5 20. e5 Nh5 21. f4 $14) 20. fxe4 Qxe4 21. Bxg7 Qxb7 22. Bh8 {
Droht Matt: Qg7} 22... f6 23. Qxf6 $17 (23. Nf4 Qe4 24. Nxg6 Qxg6 25. Bxf6 $19)
23... c5 24. Nf4 Rf8 25. Qg7+ $4 $19 (25. Qxd6 $142 {
nur damit konnte man noch auf Rettung hoffen} 25... Kxh8 26. Qe5+ Kg8 27. Nd5
$11) 25... Qxg7 26. Bxg7 Rxf4 (26... Kxg7 $6 {ist minderwertig} 27. Ne6+ Kf6
28. Nxf8 Rxf8 29. Rxd6+ Ke5 30. Rd7 $11) 27. Bh6 Rh4 28. Bg5 Rd4 29. Re1 d5 30.
h4 Re4 31. Ra1 (31. Rxe4 dxe4 32. Kf2 32... Kf7 $19) 31... Re2 32. Rc1 Rf8 (
32... Rf8 33. c3 33... Rxb2 $19) 0-1

[Event "ICS rated blitz match"]
[Site "207.99.83.227"]
[Date "1999.04.05"]
[Round "?"]
[White "Hossa"]
[Black "funnyfarm"]
[Result "1-0"]
[WhiteElo "2436"]
[BlackElo "2060"]
[Annotator "Fritz 5.32 (15s)"]
[PlyCount "24"]

1. e4 c5 2. Bc4 e6 3. Nc3 a6 4. a4 d6 5. Nf3 Nf6 6. d4 cxd4 7. Nxd4 Be7 8. O-O
O-O 9. a5 $146 (9. Be3 Nc6 (9... Qc7 10. Qe2 b6 11. Rad1 Nc6 12. f4 Bb7 13.
Nxc6 Bxc6 14. f5 exf5 15. Rxf5 Rae8 16. Rdf1 d5 17. e5 Nd7 18. Nxd5 Bxd5 19.
Bxd5 Nxe5 20. Kh1 Bd6 21. Bd4 Kh8 22. Qxa6 Qxc2 23. Qxb6 Qd3 24. Bxe5 Bxe5 25.
Bxf7 Rb8 26. Qe6 Bxb2 27. R5f3 Qd8 28. Qe4 Qd4 29. Qxh7+ {
1-0 Emms,J-Blees,A/op, Isle of Man (9) 1996 (29)}) 10. Kh1 Qc7 11. Qe2 Ne5 12.
Bb3 Neg4 13. f4 Nxe3 14. Qxe3 Qc5 15. Rae1 Ng4 16. Qd2 Bh4 17. Re2 Bg3 18. h3
e5 19. fxe5 Bxe5 20. Nf3 Bxc3 21. Qxc3 Qxc3 22. bxc3 Nf6 23. Rd1 23... Re8 {
Emms,J-Bates,R/4NCL, West Bromwich ENG 1996/1-0 (56)}) (9. Bb3 9... Nc6 $11) (
9. Kh1 b6 10. f4 Bb7 11. Bd3 Nc6 12. Nxc6 Bxc6 13. Qe2 Bb7 14. e5 Nd7 15. exd6
Bxd6 16. Ne4 Nc5 17. Nxc5 Bxc5 18. Be3 Qd5 19. Bxc5 Qxc5 20. b3 a5 21. Rae1
Rad8 22. f5 exf5 23. Rxf5 Rd5 24. Rxd5 Bxd5 25. Be4 Bxe4 26. Qxe4 g6 27. Rd1
Qc3 28. h3 Rc8 29. Rd6 Qc5 30. Rd7 Kg7 31. c4 Rc7 32. Rd5 {
- Uvarov,V-Nemeth,F/EU-chJ U16 Herculane 1994 (32)}) 9... Nbd7 $16 (9... Nc6
$11 $142 {und Schwarz spielt mit}) 10. Bxe6 10... Nc5 $18 (10... Re8 11. Bf4
$16) 11. Bd5 Be6 (11... Nxd5 12. Nxd5 Bf6 13. f3 $16) 12. Bd2 (12. Bxe6 Nxe6
13. Nf5 13... Re8 $18) 12... Nfd7 $2 (12... Rc8 $18 $142) 1-0

[Event "ICS rated blitz match"]
[Site "207.99.83.227"]
[Date "1999.04.05"]
[Round "?"]
[White "sergor"]
[Black "Hossa"]
[Result "1/2-1/2"]
[WhiteElo "2386"]
[BlackElo "2439"]
[Annotator "Fritz 5.32 (15s)"]
[PlyCount "42"]

1. d4 Nf6 2. c4 g6 3. Nc3 Bg7 4. e4 d6 5. f3 O-O 6. Be3 e5 7. Nge2 exd4 8. Nxd4
Bd7 9. Be2 Nc6 10. O-O Nxd4 11. Bxd4 11... Re8 $146 (11... Ne8 12. Bxg7 Nxg7
13. Qd2 Bc6 14. Rad1 a6 15. b4 b6 16. Qc2 Qe7 17. Kh1 a5 18. a3 Rfe8 19. Bd3
axb4 20. axb4 Rf8 21. Rde1 Rfe8 22. Qd2 Qd7 23. Bc2 Re7 24. Bb3 Kh8 25. Rd1 {
- Paehtz,E-Wegerle,J/DEM U11 Pinneberg 1996 (25)}) 12. Qd2 Bc6 13. Nd5 13...
Bxd5 $14 (13... b6 14. Rfd1 $11) 14. cxd5 {Raumvorteil} 14... Rc8 15. Rac1
15... a6 {Verwehrt dem Gegner b5} 16. Rfd1 Qe7 17. Bf1 17... Ra8 $16 (17... Nd7
18. Bxg7 Kxg7 19. Qb4 $14) 18. Qb4 Reb8 19. Qc3 Rc8 20. Qb4 $11 (20. Qb3 20...
c6 $14) 20... Rcb8 21. Qc3 $11 (21. Be3 $5 $14) 21... Rc8 1/2-1/2

[Event "ICS rated blitz match"]
[Site "207.99.83.227"]
[Date "1999.04.05"]
[Round "?"]
[White "funnyfarm"]
[Black "Hossa"]
[Result "0-1"]
[WhiteElo "2049"]
[BlackElo "2437"]
[Annotator "Fritz 5.32 (15s)"]
[PlyCount "110"]

1. Nf3 d5 2. b3 Nf6 3. Bb2 Bg4 4. Bxf6 $146 (4. e3 e6 5. Be2 Bd6 (5... Be7 6.
O-O O-O 7. d3 c6 8. Nbd2 Nbd7 9. Ne5 Bxe2 10. Qxe2 Nxe5 11. Bxe5 Nd7 12. Bg3 (
12. Bb2 Bf6 13. Bxf6 Nxf6 14. d4 Rc8 15. Rfc1 15... b6 {
- Benvenuti C-Rodighiero G/08, Forli op 1993 (15)}) 12... f5 13. f3 Bf6 14.
Rad1 Qe7 15. c4 Rae8 16. e4 Bd4+ 17. Kh1 f4 18. Bf2 Qf6 19. Nb1 Bxf2 20. Qxf2
d4 21. b4 e5 22. a4 c5 23. bxc5 Nxc5 24. Qc2 Qc6 25. Nd2 Re6 26. Ra1 Rh6 27.
Rfb1 Rf7 28. Rb5 a6 29. Rb4 g5 30. a5 Qc7 31. h3 Qc8 32. Kg1 Rg6 33. Rab1 h5
34. Rb6 Rgg7 35. Rh6 g4 36. h4 gxf3 37. Nxf3 Qg4 38. Rf1 Nxd3 39. Ng5 Nc5 40.
Nxf7 {Ramik,J-Jakubowski,M/Trinec CZE 1999/ - (51)}) (5... Nbd7 6. h3 Bh5 7.
O-O Bd6 8. d4 O-O 9. c4 Ne4 10. Nc3 f5 11. cxd5 Nxc3 12. Bxc3 exd5 13. Ne5 Bxe2
14. Qxe2 c6 15. f4 Nf6 16. Qb2 Ne4 17. b4 Qe7 18. Rab1 Rac8 19. Qb3 Rc7 20. Be1
{Strausz Janos-Gilles Raphael/Ch Switzerland team 1993/1-0 (46)}) 6. d3 Nbd7 7.
Nbd2 Bh5 8. e4 dxe4 9. dxe4 e5 10. Nh4 Bg6 11. Nxg6 hxg6 12. Bf3 Qe7 13. Qe2
Ba3 14. Bxa3 Qxa3 15. Qb5 O-O-O 16. Nc4 Qe7 17. O-O Kb8 18. Rad1 18... Rhe8 {
Rabiega Robert-Geisler Robert/Bundesliga 1989/1-0 (32)}) 4... exf6 {
Befestigt e5+g5} 5. e3 5... Bxf3 $14 (5... c5 6. Bb5+ Nc6 7. Bxc6+ bxc6 8. c4
$11) 6. Qxf3 6... c6 {Ueberdeckt b5} 7. Nc3 $11 (7. c4 dxc4 8. Bxc4 8... Nd7
$11) 7... Ba3 {Schwarz verhindert die lange Rochade} 8. Rd1 O-O 9. Bd3 b5 10.
Ne2 Na6 (10... Re8 11. O-O $11) 11. Nf4 $11 (11. c3 11... Re8 $14) 11... Nb4
$14 (11... Nc5 12. Bf5 $11) 12. h4 $11 (12. Bf5 $5 $14 {ist zu ueberlegen})
12... Qa5 (12... Re8 13. Bf5 $15) 13. Rh3 $15 (13. Bf5 13... Kh8 $11) 13... Bb2
$11 (13... Nxd3+ 14. Nxd3 Bd6 15. Ra1 $15) 14. Rg3 Qxa2 (14... Nxa2 $4 {
das Schlagen des Bauern ist schlecht} 15. Rxg7+ $3 {ein feines Opfer} 15...
Kxg7 16. Qg4+ Kh8 17. Qf5 Qxd2+ 18. Rxd2 Nc3 19. Qxh7#) (14... Nxd3+ 15. Nxd3
Qxa2 16. Nb4 $14) 15. Nh5 {Droht Matt: Rxg7} 15... g6 {Sichert f5} (15... Nxd3+
16. cxd3 g6 17. d4 Bxd4 18. exd4 Rae8+ 19. Kf1 $18) 16. Nxf6+ (16. Qf4 Nxd3+
17. cxd3 Be5 (17... Qxb3 18. d4 f5 19. Qe5 $18) 18. Nxf6+ Bxf6 19. Qxf6 19...
Rae8 $11 (19... Qxb3 {ein in allen Varianten unverwundbarer Bauer} 20. h5 Rfd8
21. h6 $18)) 16... Bxf6 $11 (16... Kg7 $5 17. h5 17... a5 $15 (17... Bxf6 18.
h6+ Kg8 19. Qxf6 Nxc2+ 20. Bxc2 Qb2 21. d4 Qc3+ 22. Kf1 Qxd4 23. exd4 c5 24.
Qg7#) (17... Nxd3+ $143 18. cxd3 Qxb3 19. d4 $11)) 17. Qxf6 Nxd3+ (17... Nxc2+
$2 {wird widerlegt durch} 18. Bxc2 Rfe8 19. Bf5 $18 (19. Qxc6 $6 19... Rac8 20.
Bxg6 hxg6 (20... Rxc6 $4 {zu gierig} 21. Bb1+ Kh8 22. Bxa2 $18) 21. Qxd5 21...
Qc2 $18)) 18. cxd3 Rae8 (18... Qxb3 19. h5 Rfd8 20. h6 $18) 19. h5 Re6 (19...
Qxb3 $4 {Schwarz schlaegt einen vergifteten Bauern} 20. h6 $1 {
zwingend und schoen} 20... Qb2 21. d4 Qxd4 22. Qxd4 $18) 20. Qc3 20... d4 $16 (
20... Qa6 $5 $14) 21. Qb4 $4 $17 {gibt den Vorteil aus der Hand} (21. Qxd4 $142
21... Qxb3 22. h6 $16) 21... a5 $11 (21... Rd8 $142 22. hxg6 22... hxg6 $19)
22. Qxd4 {Weiss droht stark h6} 22... Qxb3 23. Ke2 (23. h6 23... f6 $14) 23...
Qd5 24. Qxd5 cxd5 25. h6 $17 (25. Rc1 25... b4 $15) 25... Ree8 $15 (25... f5
26. Rf3 $17) 26. Rc1 Rc8 27. Ra1 Ra8 28. Rg5 f5 29. g4 29... Ra6 $15 (29... a4
30. gxf5 Rxf5 31. Rg4 $17) 30. Rc1 fxg4 31. Rc7 Raf6 32. Rxd5 {Droht Matt}
32... Rxf2+ 33. Kd1 Rf1+ 34. Kc2 R1f7 35. Rxf7 {Mit der Mattdrohung Rg7} 35...
Rxf7 36. Rxb5 Rf5 37. Rb1 Rc5+ (37... a4 38. Rb4 Ra5 39. Rxg4 $17) 38. Kd1
38... g3 {Schwarz erlangt Initiative} 39. Ke2 Rf5 40. Rg1 Rf2+ 41. Ke1 Rh2 42.
Rxg3 Rxh6 43. Rg4 Rh1+ 44. Ke2 Rh2+ 45. Kd1 Rh5 46. Kc2 $17 (46. Rc4 46... Kf7
$15) 46... Rd5 47. d4 (47. Kc3 47... Kf7 $17) 47... g5 $15 (47... a4 $5 $17)
48. Kd3 $17 (48. e4 48... Rb5 $15) 48... h5 {
Schwarz entwickelt eine toedliche Initiative} 49. Rg1 g4 50. e4 (50. Ke4 50...
Rd7 $17) 50... Rg5 51. d5 g3 52. Ke3 $19 (52. e5 h4 (52... Rxe5 $6 53. Rxg3+
Kf7 54. Kd4 $15) 53. Ke4 53... g2 $19) 52... h4 53. d3 $4 {der letzte Fehler} (
53. Kf4 $142 53... Rg6 54. d6 $19) 53... h3 {Schwarz plant g2} 54. d6 (54. Kf4
{macht keinen grossen Unterschied} 54... h2 55. Rxg3 Rxg3 56. Kxg3 56... h1=Q
$19) 54... h2 {Es droht Matt} 55. Rb1 (55. Rxg3 {
aendert den traurigen Lauf der Dinge nicht} 55... Rxg3+ 56. Kf2 h1=Q 57. Kxg3
Qe1+ 58. Kf4 Qd2+ 59. Kf5 59... Kf7 $19) 55... g2 {Droht Matt} (55... g2 56. e5
g1=Q+ 57. Rxg1 hxg1=Q+ 58. Ke4 Qe1+ 59. Kd5 Qxe5+ 60. Kc6 Qb5+ 61. Kc7 Rg7+ 62.
d7 Rxd7+ 63. Kc8 Qb7#) 0-1

[Event "ICS rated blitz match"]
[Site "207.99.83.227"]
[Date "1999.04.05"]
[Round "?"]
[White "Hossa"]
[Black "Anser"]
[Result "1-0"]
[WhiteElo "2440"]
[BlackElo "2328"]
[Annotator "Fritz 5.32 (15s)"]
[PlyCount "43"]

1. e4 d5 2. exd5 Nf6 3. Bb5+ Nbd7 4. c4 a6 5. Ba4 b5 6. cxb5 Nxd5 7. Nc3 (7.
Nf3 e5 8. O-O Bd6 9. d4 e4 10. Re1 f5 11. Nc3 Nxc3 12. bxc3 O-O 13. Ng5 Qe8 14.
c4 axb5 15. Bxb5 c5 16. dxc5 Be5 17. Qd5+ Kh8 18. Qxa8 Bxa1 19. Qd5 h6 20. Ne6
Rf6 21. Nd4 21... Bc3 {
Stefansson,H-Vlassov,N/Open, Cappelle la Grande FRA 1998/1-0 (34)}) 7... Nb4
$146 (7... N7b6 8. bxa6+ Nxa4 9. Qxa4+ Bd7 10. Qc4 e6 11. Nf3 Bd6 12. Nxd5 exd5
13. Qe2+ Kf8 14. O-O Bc8 15. Re1 Bxa6 16. d3 h6 17. Qc2 c5 18. d4 cxd4 19. Nxd4
Bxh2+ 20. Kxh2 Qh4+ 21. Kg1 Qxd4 22. Qc6 {
(RUS),A-(RUS),R/Moscow (Russia) 1966/1-0 (39)}) (7... N5b6 8. Bb3 axb5 9. d4 b4
10. Ne4 e6 11. Ne2 Bb7 12. Qc2 c5 13. dxc5 Bxe4 14. Qxe4 Nxc5 15. Qf3 Nxb3 16.
Qxb3 Qd5 17. Qxd5 Nxd5 18. O-O Bd6 19. Nd4 O-O 20. Bd2 h6 21. Rfc1 Be5 22. Be3
{(AUS),C-(ENG),D/Oakham (England) 1988/0-1 (68)}) (7... Bb7 8. bxa6 Rxa6 9. Nf3
Re6+ 10. Kf1 N5b6 11. Bb5 Rf6 12. Ng5 Qa8 13. Rg1 e6 14. d3 Be7 15. Nge4 Rg6
16. Bf4 e5 17. Be3 c6 18. Ba4 O-O 19. Bb3 Kh8 20. Qh5 f5 21. Ng5 Bxg5 22. Bxg5
{Boocock,D-Schmidt,W/Class 2, T #051 IECG 1996/0-1 (37)}) 8. d4 {
Weiss geht zum Angriff ueber} 8... e5 9. dxe5 9... Bc5 $2 $18 (9... Nxe5 $142
10. Qxd8+ 10... Kxd8 $14) 10. a3 axb5 11. axb4 11... Bxf2+ $2 (11... Bxb4 12.
e6 12... Qe7 $18) 12. Kxf2 bxa4 13. Qg4 Nxe5 (13... Qe7 {
nuetzt auch nichts mehr} 14. Nd5 Nxe5 15. Qxg7 Nd3+ 16. Kf3 $18) 14. Qe4 ({
Schwaecher ist} 14. Qxg7 14... Qh4+ 15. Kf1 15... Ng6 $18) 14... O-O 15. Qxe5
$1 {ist die Ueberraschung!} (15. Qxa8 Qh4+ 16. Kf1 Qf6+ 17. Nf3 Ba6+ 18. Qxa6
Qxa6+ 19. b5 Qd6 20. Rxa4 Qd3+ 21. Kg1 Nxf3+ 22. gxf3 22... Qxf3 $14) 15... Re8
(15... Qh4+ {kann das Vorangegangene nicht ungeschehen machen} 16. Qg3 Qd4+ 17.
Be3 Qxb4 18. Nge2 $18) 16. Qf4 Ra6 17. Nf3 (17. Rxa4 $6 {
ist deutlich schlechter} 17... Rf6 18. Nf3 Rxf4 19. Bxf4 19... c6 $18) (17.
Nxa4 Qd1 18. Qd2 Rf6+ 19. Nf3 19... Qxh1 $17) 17... Rf6 18. Qg5 Ba6 (18... Qd4+
{hilft auch nicht mehr} 19. Kg3 Qc4 20. Qh5 $18 (20. Rxa4 $6 {
ist schnell zu verwerfen} 20... Rg6 $18)) 19. Rxa4 Qd3 (19... h6 {
holt die Kuh nicht vom Eis} 20. Qd2 Rd6 21. Qf4 $18) 20. Rd1 Re2+ (20... Qc2+ {
aendert nichts am Ausgang der Partie} 21. Qd2 Qxd2+ 22. Rxd2 $18) 21. Kg1 (21.
Nxe2 $6 {kommt nicht in Frage} 21... Qxe2+ 22. Kg3 Qxd1 23. Rxa6 23... Rxa6 $16
) 21... Rxf3 (21... Qxd1+ {die letzte Gegenchance} 22. Nxd1 Re1+ 23. Kf2 Rf1+
24. Kg3 24... Rxd1 $18) 22. Qd8+ (22. Qd8+ Qxd8 23. Rxd8+ Re8 24. Rxe8#) 1-0

[Event "ICS rated blitz match"]
[Site "207.99.83.227"]
[Date "1999.04.05"]
[Round "?"]
[White "Anser"]
[Black "Hossa"]
[Result "0-1"]
[WhiteElo "2317"]
[BlackElo "2451"]
[Annotator "Fritz 5.32 (15s)"]
[PlyCount "58"]

1. e4 c5 2. Nf3 Nc6 3. d4 cxd4 4. c3 dxc3 5. Nxc3 e6 6. Bc4 Bb4 7. O-O Bxc3 (
7... Nge7 8. Qe2 O-O 9. Rd1 Bxc3 10. bxc3 d5 11. Bb3 (11. Rb1 b6 12. Ba3 Re8
13. Bxe7 Nxe7 14. exd5 exd5 15. Bxd5 Nxd5 16. Rxd5 Ba6 17. Qd2 Qf6 18. Rd6 Qf5
19. Rd1 h6 20. Rd5 Qe6 21. Re1 Qc6 22. Ne5 Qc7 23. Rd7 Rad8 24. Rd4 Bb7 25. Re3
Rxd4) 11... Qa5 12. Bb2 dxe4 13. Qxe4 Qf5 14. Qh4 Ng6 15. Qg3 e5 16. Ba3 Rd8
17. Rxd8+ Nxd8 18. Re1 Be6 19. Nxe5 Nxe5 20. Qxe5 Qxe5 21. Rxe5 Nc6 22. Re3 {
Wismont,R-Erenska Radzewska,H/MK Cafe, Koszalin POL 1997/ - (40)}) 8. bxc3 Nge7
9. e5 9... Qa5 $146 (9... Ng6 10. Qe2 Qc7 11. Re1 O-O 12. Ba3 Re8 13. Bd6 Qa5
14. Rac1 Nce7 15. Bd3 Nf4 16. Bxh7+ Kxh7 17. Ng5+ Kg8 18. Qf3 Neg6 19. g3 f6
20. gxf4 fxg5 21. fxg5 Qd5 22. Qg4 b6 23. Re3 Bb7 24. Rd1 24... Qh1# {
0-1 McNeley-Davis,W/St Paul 1982 (24)}) 10. Qe2 Qxc3 11. Bb2 Qb4 12. Rad1 O-O
13. Ng5 (13. a3 13... Qa5 $17) 13... Ng6 (13... f6 14. exf6 gxf6 15. Nf3 $19)
14. a3 14... Qc5 $15 (14... Qa5 15. Nf3 $17) 15. Qh5 $4 $19 (15. Ne4 $142 {
war die einzige Moeglichkeit, noch zu kaempfen} 15... Qa5 16. f4 $15) 15... h6
{Schwarz erhaelt starke Initiative} 16. Nxf7 (16. Rc1 {
holt die Kuh nicht vom Eis} 16... hxg5 17. Bd3 Qd5 18. Bxg6 fxg6 19. Qxg5 Rf5
20. Qxg6 Nxe5 21. Qe8+ 21... Rf8 $19) 16... Rxf7 (16... Qxc4 {
ist weit schwaecher wegen} 17. Nxh6+ $1 {
die richtige Fortsetzung, um den Vorteil festzuhalten} 17... Kh8 18. Ng4+ Kg8
19. Qxg6 $18) (16... Kxf7 17. Rc1 Qb6 18. Ba1 $19) 17. Bd3 (17. Bxe6 {
kann das Vorangegangene nicht ungeschehen machen} 17... dxe6 18. Qxg6 18... Bd7
$19 (18... Nxe5 $6 19. Rd8+ Rf8 20. Rxf8+ Kxf8 21. Qg3 $19)) 17... Ngxe5 18.
Bb1 (18. Bg6 {ist vielleicht noch ein Schwindelversuch} 18... Rf6 19. Be4 $19)
18... Nf3+ $1 {ein boeses Schach} 19. Qxf3 Rxf3 20. gxf3 Qg5+ (20... Ne5 {
erleichterte Schwarz die Gewinnfuehrung} 21. Be4 $19) 21. Kh1 Qb5 22. Ba1 Qe2
23. Be4 (23. Kg2 {waere gleichermassen fruchtlos} 23... Qc4 $19) 23... d5 24.
Rde1 Qa2 (24... dxe4 $6 {ist sichtlich schwaecher} 25. Rxe2 exf3 26. Re3 $11)
25. Rg1 (25. Bg6 {aendert nichts mehr} 25... e5 26. Bb1 26... Qxa3 $19) 25...
g5 (25... dxe4 {ginge schneller} 26. Bxg7 exf3 27. Bxh6+ Kf7 28. Be3 $19) 26.
Bb1 26... Qxa3 $1 {kraeftig gespielt} 27. h4 (27. Re3 {
hilft allerdings auch nicht} 27... Qa4 $19) 27... Qxf3+ 28. Kh2 (28. Rg2 $19 {
wuerde die Partie noch etwas verlaengern}) 28... Qxf2+ 29. Kh1 Qxh4+ (29...
Qxh4+ 30. Kg2 30... e5 $19) (29... e5 $142 {und Schwarz gewinnt} 30. Bc2 Qxh4+
31. Kg2 Qh3+ 32. Kf2 $19) 0-1